Track Stars! : (Record no. 114886)
[ view plain ]
| 000 -LEADER | |
|---|---|
| fixed length control field | 00333nam a2200121 a 4500 |
| 005 - DATE AND TIME OF LATEST TRANSACTION | |
| control field | 20140414132115.0 |
| 008 - FIXED-LENGTH DATA ELEMENTS--GENERAL INFORMATION | |
| fixed length control field | 110823s19uu xx 00 eng d |
| 050 ## - LIBRARY OF CONGRESS CALL NUMBER | |
| Classification number | ER |
| Item number | Tr759 2006 |
| 100 ## - MAIN ENTRY--PERSONAL NAME | |
| Personal name | Palone, Terry |
| 245 ## - TITLE STATEMENT | |
| Title | Track Stars! : |
| Remainder of title | Three thomas & friends stories. |
| 260 ## - PUBLICATION, DISTRIBUTION, ETC. (IMPRINT) | |
| Place of publication, distribution, etc | Canada : |
| Name of publisher, distributor, etc | Random house, |
| Date of publication, distribution, etc | 2006. |
| Withdrawn status | Lost status | Damaged status | Home library | Current library | Shelving location | Date acquired | Source of acquisition | Total Checkouts | Full call number | Barcode | Date last seen | Price effective from | Koha item type |
|---|---|---|---|---|---|---|---|---|---|---|---|---|---|
| Munich Library | Munich Library | Easy Reading Section | 08/23/2011 | ER Tr759 2006 | M6810 | 04/14/2014 | 04/14/2014 | Books |